| 000 | 00781nam a2200301Ia 4500 | ||
|---|---|---|---|
| 001 | 21797 | ||
| 003 | IT-RoPAU | ||
| 008 | 130308s9999 xx 000 0 und d | ||
| 040 | _aIT-RoPAU | ||
| 040 | _cIT-RoPAU | ||
| 041 | _aTEDESCO | ||
| 100 | _aKlemm Friedrich | ||
| 100 | _gCodice Aut. SPICS: 1956 | ||
| 245 | _aKurze Geschichte der Technik | ||
| 245 | _bKurze Geschichte Der Technik | ||
| 250 | _a1a ed. | ||
| 260 | _aFREIBURG | ||
| 260 | _bHerder | ||
| 260 | _c1961 [1° Ed.:1961 - Ed.Ling.Originale:1961] | ||
| 300 | _a"192 p. (prefazione: no ; testo: 192)" | ||
| 500 | _aPiccola Storia della Tecnica | ||
| 650 | _aOPERE varie DI CULTURA GENERALE | ||
| 650 | _eCodice materia Spics: 1002 | ||
| 942 | _cBK | ||
| 957 | _71 | ||
| 999 |
_c65148 _d65148 |
||
| 999 | _bSI | ||
| 999 | _g1 | ||